skbl

Dr Suryya Kumar Bhuyan Library Web-OPAC
ডঃ সূৰ্য্য
কুমাৰ ভূঞা পুথিভঁৰাল ৱেব-অ'পেক

All Research Scholars are advised to clear the annual library fees to continue using Library Resources, Remote Access, Plagiarism Test and Library Clearance.

Cotton University Book Fair 2026

Aanchalik Upanyas / (Record no. 5644)

MARC details
000 -LEADER
fixed length control field 00649nam a2200253Ia 4500
001 - CONTROL NUMBER
control field 5657
005 - DATE AND TIME OF LATEST TRANSACTION
control field 20240113233842.0
007 - PHYSICAL DESCRIPTION FIXED FIELD--GENERAL INFORMATION
fixed length control field ta
008 - FIXED-LENGTH DATA ELEMENTS--GENERAL INFORMATION
fixed length control field 170202s1975 ii g b000 u hin u
040 ## - CATALOGING SOURCE
Original cataloging agency Cotton College Assam
041 ## - LANGUAGE CODE
Language code of text/sound track or separate title hin
082 ## - DEWEY DECIMAL CLASSIFICATION NUMBER
Classification number 891.433
Item number G 959 An
100 ## - MAIN ENTRY--PERSONAL NAME
Personal name Gupta, Gyanchandra.
245 #0 - TITLE STATEMENT
Title Aanchalik Upanyas /
Statement of responsibility, etc. Gyanchandra Gupta.
Medium Textual Documents
250 ## - EDITION STATEMENT
Edition statement 1st ed. /
260 ## - PUBLICATION, DISTRIBUTION, ETC.
Place of publication, distribution, etc. New Delhi :
Name of publisher, distributor, etc. Abhinab Prakashan ,
Date of publication, distribution, etc. 1975.
300 ## - PHYSICAL DESCRIPTION
Extent 112p. ;
Dimensions 21cm.
653 ## - INDEX TERM--UNCONTROLLED
Uncontrolled term Hindi novel
653 ## - INDEX TERM--UNCONTROLLED
Uncontrolled term Hindi fiction
653 ## - INDEX TERM--UNCONTROLLED
Uncontrolled term Gen-Hindi
942 ## - ADDED ENTRY ELEMENTS (KOHA)
Source of classification or shelving scheme Dewey Decimal Classification
Koha item type Books
Holdings
Withdrawn status Lost status Damaged status Not for loan Collection Home library Current library Date acquired Coded location qualifier Total checkouts Full call number Barcode Date last seen Date last checked out Copy number Price effective from Koha item type
          Dr. Suryya Kumar Bhuyan Library Dr. Suryya Kumar Bhuyan Library 01/02/2012 00000 1 891.433 G 959 An 71889 10/06/2025 09/04/2025 1 01/02/2012 Books

Designed and Maintained by Team SKBL
©1901-2026

Powered by Koha